000 00763nam a22002537a 4500
005 20170124110242.0
010 _aA-285284
020 _c€14.95
_a0863181724
035 _aA-285284
037 _bCen Lib/Ret
040 _aDPL
_bEN
082 _a635
_bBRO
100 _aBrookes, John
_995552
245 _aThe indoor garden book /
_cby John Brookes ; edited by Sophie Mitchell [and] Tim Hammond
260 _aLondon
_bDorling Kindersley
_c1986
270 _bLondon
300 _a288p.:
_c28cm(Hb)
_bill.
500 _aincludes index and glossary
650 _aLandscape gardening
_995553
650 _aGardens -- Design
_995554
700 _a Mitchell, Sophie
_995555
700 _a Hammond, Tim
_995556
942 _2ddc
_cEN
_h635
_mBRO
999 _c135248
_d135248